Mental illness delinquency: (Record no. 49563)
[ view plain ]
| 000 -LEADER | |
|---|---|
| fixed length control field | 00620 a2200205 4500 |
| 082 ## - DEWEY DECIMAL CLASSIFICATION NUMBER | |
| Classification number | 362.820973 |
| Item number | N923 |
| 100 ## - MAIN ENTRY--PERSONAL NAME | |
| Personal name | Nunnally, Elam W. ed. |
| 9 (RLIN) | 6595 |
| 245 ## - TITLE STATEMENT | |
| Title | Mental illness delinquency: |
| Remainder of title | addictions and neglect. |
| 260 ## - PUBLICATION, DISTRIBUTION, ETC. | |
| Place of publication, distribution, etc. | Beverly Hills : |
| Name of publisher, distributor, etc. | Sage Pub.; |
| Date of publication, distribution, etc. | 1988. |
| 300 ## - PHYSICAL DESCRIPTION | |
| Extent | 266p. |
| 440 ## - SERIES STATEMENT/ADDED ENTRY--TITLE | |
| Title | Families in trouble series; |
| Number of part/section of a work | v.4 |
| 9 (RLIN) | 6596 |
| 504 ## - BIBLIOGRAPHY, ETC. NOTE | |
| Bibliography, etc. note | Bibliography : P. 229-249 |
| 650 ## - SUBJECT ADDED ENTRY--TOPICAL TERM | |
| Topical term or geographic name entry element | Mental illness |
| 9 (RLIN) | 5999 |
| 650 ## - SUBJECT ADDED ENTRY--TOPICAL TERM | |
| Topical term or geographic name entry element | Family social work |
| 9 (RLIN) | 6597 |
| 650 ## - SUBJECT ADDED ENTRY--TOPICAL TERM | |
| Topical term or geographic name entry element | Problem families |
| 9 (RLIN) | 6598 |
| 650 ## - SUBJECT ADDED ENTRY--TOPICAL TERM | |
| Topical term or geographic name entry element | Government policy |
| 9 (RLIN) | 1627 |
| 650 ## - SUBJECT ADDED ENTRY--TOPICAL TERM | |
| Topical term or geographic name entry element | Epidemilogy |
| 9 (RLIN) | 6599 |
| 653 ## - INDEX TERM--UNCONTROLLED | |
| Uncontrolled term | Social problems |
| 942 ## - ADDED ENTRY ELEMENTS (KOHA) | |
| Source of classification or shelving scheme | Dewey Decimal Classification |
| Koha item type | General Collections |
| Withdrawn status | Lost status | Source of classification or shelving scheme | Damaged status | Not for loan | Home library | Current library | Date acquired | Total Checkouts | Full call number | Barcode | Date last seen | Price effective from | Koha item type |
|---|---|---|---|---|---|---|---|---|---|---|---|---|---|
| Dewey Decimal Classification | Tribhuvan University Central Library | Tribhuvan University Central Library | 12/26/2010 | 362.820973 N923 | G 42268 | 12/26/2010 | 12/26/2010 | General Collections |
